Crimea Tatar song "Bağçalarda" - Statistics

General Stats
  • This quiz has been taken 7 times
  • The average score is 18 of 56
Answer Stats
Answer % Correct
Bağçalarda
100%
Bağcalarda
100%
Bağçalarda
100%
Bağçalarda
100%
Bağçalarda
100%
Bağçalarda
100%
Kestane
80%
kestane
80%
Dane
60%
Dane
60%
Tokulür
40%
Amanım
20%
Amanım,
20%
Amanım,
20%
Amınım
20%
Boynuna
20%
Boynuna
20%
Bu
20%
Cınım
20%
cınım
20%
Cıvanım
20%
Cıvanım
20%
cıvanım,
20%
cıvanım,
20%
Ezersin
20%
ezersin
20%
guller
20%
guller
20%
Incileri
20%
Ipek
20%
Kel
20%
Kel
20%
kel
20%
kel
20%
Kezersin
20%
kezersin
20%
Menim
20%
Menim
20%
Meyvalıq
20%
meyvalıq
20%
Ne
20%
Poşu
20%
Qadar
20%
Qızıl
20%
Qızıl
20%
Sarayım
20%
sarayım
20%
sarayım
20%
sevdalıq
20%
Taqayım
20%
Yanıma
20%
Yanıma
20%
yanıma
20%
yanıma
20%
yöluña.
20%
yöluña
20%
No matching quizzes found
Score Distribution
Percent of People with Each Score
Percentile by Number Answered
Your Score History
You have not taken this quiz